| 000 | 00922nam a2200229Ia 4500 | ||
|---|---|---|---|
| 999 |
_c5701 _d5701 |
||
| 003 | OSt | ||
| 005 | 20200320123942.0 | ||
| 008 | 191128s1984 ck gr 000 0 spa d | ||
| 040 |
_aCO-JMCR _cCO-JMCR |
||
| 041 | _aspa | ||
| 082 | 0 | 4 |
_a001.42 / _bR618d |
| 100 | 1 |
_aRodríguez Bernal, Adolfo, _eautor _91738 |
|
| 245 | 1 | 3 |
_aEl diseño de la investigación/ _cAdolfo Rodríguez Bernal |
| 250 | _aPrimera edición | ||
| 260 |
_a Bogotá : _bUniversidad Externado de Colombia, _c1984 |
||
| 300 |
_a381 páginas ; _c23 cm |
||
| 505 | _aPanorama general -- La lógica en la investigación. La cuestión del diseño -- Regionalización y diseño de la muestra -- Principales técnicas investigativas -- El diseño de investigaciones y de experimentos -- Procesamiento y análisis de datos | ||
| 546 | _aspa | ||
| 650 | 1 | 4 |
_aInvestigación científica _91145 |
| 650 | 2 | 4 |
_aMetodología científica _91144 |
| 942 |
_2ddc _cBK |
||